000 01015nac a22002531u 4500
008 100210s2003 enk|||||d|||| 001 0 eng d
010 _a 2007027216
020 _a1856693538
020 _a1856693716
082 0 0 _a720.9
_bMOF
_222
100 _aFazio, Michael W.
_911235
245 1 2 _aA world history of architecture /
_cMichael Fazio, Marian Moffett, Lawrence Wodehouse.
260 _aNew York, NY :
_bMcGraw-Hill,2003
_c2003
300 _a592p.:
_bcol. ill.;
_c28 cm.
500 _aRev. ed. of: A world history of architecture / Marian Moffett, Michael Fazio, Lawrence Wodehouse. c2004.
500 _adistributer: Al-Ahram
511 _acatalogued by: wessam
650 0 _aArchitecture
_xHistory.
_911236
700 1 _aMoffett, Marian.
_911237
700 1 _aWodehouse, Lawrence.
_911238
700 1 _aMoffett, Marian.
_911239
942 _cBB
_k720.9 MOF
_2ddc
999 _c6486
_d6486